| 000 | 01752nam a2200421Ki 4500 | ||
|---|---|---|---|
| 001 | sky297531382 | ||
| 003 | SKY | ||
| 005 | 20200818162213.0 | ||
| 008 | 190821s2019 sp a j 000|1 spa | ||
| 020 | _a9788417123970 | ||
| 020 | _a8417123970 | ||
| 040 |
_dSKYRV _erda |
||
| 082 | 0 | 0 | _aE |
| 092 | _aE Mena | ||
| 099 | _aMena, P. | ||
| 100 | 1 |
_aMena, Pato, _d1980- _96369616 |
|
| 240 | 1 | 0 |
_aWonder Mole's scent costume party. _lSpanish. |
| 245 | 1 | 0 |
_aLa gran fiesta de los olores / _cPato Mena. |
| 250 | _aPrimera edición. | ||
| 264 | 1 |
_a[Mälaga, Spain] : _bNubeOcho, _c2019. |
|
| 300 |
_a1 volume (unpaged) : _bcolor illustrations ; _c30 cm. |
||
| 336 | _atext | ||
| 337 | _aunmediated | ||
| 338 | _avolume | ||
| 490 | 1 | _aColección Somos8. | |
| 520 | _a"¿Cómo se visten los topos para una fiesta de disfraces? Ven y échale un vistazo en la fiesta de Wonder's Mole. ¿Qué pasaría si una comadreja peligrosa se colara? Ella solo piensa en comer dos topos gordos para la cena."--from backcover. | ||
| 520 | _aSince moles cannot see very well, but have a very strongly developed sense of smell, Topo Maravilla throws a costume party where his friends disguise themselves with the odors of other animals, but a hungry weasel is there, too. | ||
| 546 | _aIn Spanish. | ||
| 650 | 0 |
_aMoles (Animals) _vJuvenile fiction. _95704620 |
|
| 650 | 0 |
_aWeasels _vJuvenile fiction. _95724509 |
|
| 650 | 0 |
_aSmell _vJuvenile fiction. _96369617 |
|
| 650 | 0 |
_aParties _vJuvenile fiction. _95684673 |
|
| 650 | 0 |
_aDisguise _vJuvenile fiction. _95795170 |
|
| 650 | 0 |
_aSpanish language materials. _96369618 |
|
| 830 | 0 |
_aColección Somos8. _96014816 |
|
| 907 | _a.b414990948 | ||
| 942 |
_2ddc _cBOOK |
||
| 999 |
_c352602 _d352602 |
||